000
00502nam a2200157Ia 4500
008
100204s9999 xx 000 0 und d
082
_b
27411
100
_a
पित्रे ऋता
245
_a
बहिणाईची गाणी एक अभ्यास
250
_a
0
260
_c
2002-2
300
_a
111
630
_a
बहिणाईची गाणी एक अभ्यास
730
_a
बहिणाईची गाणी एक अभ्यास
942
_c
BOOK
999
_c
472592
_d
472589